Google Maps Cities - United Arab Emirates - Statistics

General Stats
  • This quiz has been taken 18 times
  • The average score is 3 of 6
Answer Stats
City % Correct
Abu Dhabi
100%
Dubai
100%
Al Ain
57%
Fujairah
43%
Ras Al-Khaimah
43%
Khor Fakkan
0%
No matching quizzes found
Score Distribution
Percent of People with Each Score
Percentile by Number Answered
Your Score History
You have not taken this quiz